000 00453nam a22001697a 4500
999 _c6174
_d6172
005 20210826133215.0
008 200319b xxu||||| |||| 00| 0 eng d
020 _a9789388178914
041 _aeng
100 _aSHARMA, H.K.
_95323
245 _aTEXTBOOK OF PHARMACEUTICAL CALCULATION AND EXTEMPORANEOUS PREPARATIONS SCIENCE
250 _a1st, 2019
260 _aNEW DELHI
_bCBS
_c2019
300 _a228;p vi
650 _aPHARMACY
_96742
942 _cBK